Кинооператоры Р. Л. Кармен (слева) и И. П. Копалин (на автомобиле) на съемках колонны немецких военнопленных. г. Москва

RUSMARC
00005767ckm0a2200361#x 450
001f33f604a-0260-4e1f-8ee9-e9eede9051bf
00520240415151319.0
100##$a20240410j19440717k###0rusy50 ca
1010#$arus
102##$aRU
116##$afiybxx####zz####zz
1220#$ad19440717##
2001#$aКинооператоры Р. Л. Кармен (слева) и И. П. Копалин (на автомобиле) на съемках колонны немецких военнопленных. г. Москва
$j17 июля 1944 г.
251##$cДокумент
300##$aФотография. Автор не установлен
461#0$12001
$aФ. 2989. Личный фонд Р. Л. Кармена
$1251
$cФонд
$1852
$j2989
462#0$12001
$aОп. 1
$1251
$cОпись
$1852
$j1
462#0$12001
$aЕд. хр. 866
$vЛ. 1
$1251
$cДело
$1852
$j866
600#1$2nlr_sh
$3RU\NLR\AUTH\66369843
$aКармен
$gРоман Лазаревич
$bР.Л.
$f1906 - 1978
$jФотографии
600#1$2nlr_sh
$3RU\NLR\AUTH\66369842
$aКопалин
$gИлья Петрович
$bИ.П.
$f1900-1976
$jФотографии
605##$2prlib_sh
$3LIBNET\UAF\0000088514
$aВторая мировая война в архивных документах (Комплекс оцифрованных архивных документов, кино- и фотоматериалов)
$lколлекция
6061#$2nlr_sh
$3RU\NLR\AUTH\661524615
$aВеликая Отечественная война
$z1941 - 1945
$xНемецкие военнопленные
$jФотографии
607##$2nlr_sh
$3RU\NLR\AUTH\66182370
$aМосква, город
$xИстория
$z1941 - 1945
$jФотографии
608##$2prlib_sh
$3LIBNET\UAF\0000110286
$aДокументальные фотографии
$z1944
617##$dМосква, город
$2prlib_sh
686##$a63.3(2)62-8я611
$vLBC/M
$2rubbk
686##$a63.3(2-2М)622я611
$vLBC/M
$2rubbk
686##$a85.374.0,75я611
$vLBC/M
$2rubbk
801#0$aRU
$bПБ им. Б.Н. Ельцина
$c20240410
801#1$aRU
$bПБ им. Б.Н. Ельцина
$c20240410
$2rusmarc
801#2$aRU
$bПБ им. Б.Н. Ельцина
$c20240415
$2rusmarc
850##$aРоссийский государственный архив литературы и искусства
852##$aРГАЛИ
$jЛ. 1
035##$aLIBNET\0001393304
937##$d191768531
$hФедеральное архивное агентство
8564#$uhttp://readingroom.main.prlib.ru/item.aspx?id_node=n191768531&mode=full
Формат отображения